Online Catalogue and eLibrary

International feminism : (Record no. 2926)

MARC details
000 -LEADER
fixed length control field 00490nam a2200181Ia 4500
005 - DATE AND TIME OF LATEST TRANSACTION
control field 20240605032947.0
008 - FIXED-LENGTH DATA ELEMENTS--GENERAL INFORMATION
fixed length control field 240331s9999 xx 000 0 und d
082 ## - DDC Classification
Item Number - Author Mark INT
Class No. 362
245 #0 - TITLE STATEMENT
Title International feminism :
Remainder of title networking against female sexual slavery report
260 ## - PUBLICATION, DISTRIBUTION, ETC.
Name of publisher, distributor, etc. The International Women's Tribune Centre.
Date of publication, distribution, etc. 1984
300 ## - PHYSICAL DESCRIPTION
Extent (e.g. Volumes, Pages etc.) 141, p.,
650 ## - SUBJECT ADDED ENTRY--TOPICAL TERM
Topical term or geographic name entry element Feminism
650 ## - SUBJECT ADDED ENTRY--TOPICAL TERM
Topical term or geographic name entry element Sexual Slavery
700 ## - ADDED ENTRY--PERSONAL NAME
Personal name Barry, K.
700 ## - ADDED ENTRY--PERSONAL NAME
Personal name Bunch,C
700 ## - ADDED ENTRY--PERSONAL NAME
Personal name Castley,S
942 ## - Koha item type (Biblio)
Koha item type Books in Stacks (Lending)
Holdings
Lost status Damaged status Collection code Home library Current library Shelving location Date acquired Full call number Accession Number Item type
    Lending WERC Library WERC Library Social Science Cupboard 03/31/2024 362.8 INT 4076 Books in Stacks (Lending)

© WERC Library